01522 a2200181 4500003000500000005001700005010001600022020001500038040000900053082001200062100002300074245008200097260004400179300007100223505100100294650001501295700003001310Nust20221010135145.0 a 81083272 a0395314895 cNust00a540,EBB1 aEbbing, Darrell D.10aGeneral chemistry /cDarrell D. Ebbing ; consulting editor, Mark S. Wrighton. aBoston :bHoughton Mifflin Co.,cc1984. axxiv, 970, [98] p., [8] p. of plates :bill. (some col.) ;c26 cm. aChemistry and Measurement (Page-1), Atomic Theory (Page-27), Calculations with Chemical Formulas and Equations (Page-50), The Gaseous State (Page-88), Atomic Structure (Page-128), Electron Configurations and Periodicity (Page-163), Ionic and Covalent Bonding (Page-195), Molecular Geometry and Chemical Bonding Theory (Page-234), Reactions in Aqueous Solutions (Page-270), Thermochemistry (Page-311), Liquids and Solids (Page-345), Solutions (Page-289), The Atmosphere (Page-425), Hydrogen and its Compounds with Oxygen (Page-466), Rates of Reaction (Page-493), Chemical Equilibrium (Page-535), Acid Base Concepts (Page-569), Acid Base Equilibria (Page-593), Solubility and Complex-Ion Equilibria (Page-625), Thermodynamics and Equilibrium (Page-655),Electrochemistry (Page-682), Nuclear Chemistry (Page-716), The Main Group Elements (Page-759), The Main Group Elements Groups IVA to VIIA (Page-798), The Transition Elements (Page-841), Organic Chemistry (Page-893), Biochemistry (Page-935). 0aChemistry.1 aWrighton, Mark S.,d1949-